Автоматизированный доступ к аудиториям на базе одноплатного компьютера Raspberry Pi; Технологии Microsoft в теории и практике программирования

Xehetasun bibliografikoak
Parent link:Технологии Microsoft в теории и практике программирования.— 2013.— [С. 57-60]
Egile nagusia: Стариков Д. П. Дмитрий Павлович
Erakunde egilea: Национальный исследовательский Томский политехнический университет (ТПУ) Институт кибернетики (ИК) Кафедра интегрированных компьютерных систем управления (ИКСУ)
Beste egile batzuk: Рыбаков Е. А. Евгений Александрович (научный руководитель), Макаров Д. Е. Дмитрий Евгеньевич, Тутов И. А. Иван Андреевич
Gaia:Заглавие с титульного листа.
The article gives preview of automatic door's control system, based on a Raspberry Pi. There is described a way of solving a problem of simplification access to lecture-rooms and their securit.
Hizkuntza:errusiera
Argitaratua: 2013
Saila:Автоматизированные системы управления и мехатроника
Gaiak:
Sarrera elektronikoa:http://www.lib.tpu.ru/fulltext/c/2013/C28/020.pdf
Formatua: MixedMaterials Baliabide elektronikoa Liburu kapitulua
KOHA link:https://koha.lib.tpu.ru/cgi-bin/koha/opac-detail.pl?biblionumber=602979

MARC

LEADER 00000naa2a2200000 4500
001 602979
005 20260210141317.0
035 |a (RuTPU)RU\TPU\conf\118 
035 |a RU\TPU\conf\108 
090 |a 602979 
100 |a 20131127d2013 k y0rusy50 ca 
101 0 |a rus 
102 |a RU 
135 |a drcn ---uucaa 
181 0 |a i  
182 0 |a b 
200 1 |a Автоматизированный доступ к аудиториям на базе одноплатного компьютера Raspberry Pi  |f Д. П. Стариков, Е. А. Рыбаков, Д. Е. Макаров  |g науч. рук. И. А. Тутов 
203 |a Текст  |c электронный 
225 1 |a Автоматизированные системы управления и мехатроника 
300 |a Заглавие с титульного листа. 
320 |a [Библиогр.: с. 60 (5 назв.)] 
330 |a The article gives preview of automatic door's control system, based on a Raspberry Pi. There is described a way of solving a problem of simplification access to lecture-rooms and their securit. 
337 |a Adobe Reader 
463 1 |0 (RuTPU)RU\TPU\conf\40  |t Технологии Microsoft в теории и практике программирования  |o сборник трудов X Всероссийской научно-практической конференции студентов, аспирантов и молодых ученых, г.Томск, 19-20 марта 2013 г.  |f Национальный исследовательский Томский политехнический университет (ТПУ), Институт кибернетики ; ред. кол. А. В. Лиепиньш и др.  |v [С. 57-60]  |d 2013 
610 1 |a электронный ресурс 
610 1 |a труды учёных ТПУ 
610 1 |a аудитории 
610 1 |a одноплатные компьютеры 
610 1 |a контроллеры 
610 1 |a магнитные карты 
700 1 |a Стариков  |b Д. П.  |g Дмитрий Павлович 
701 1 |a Рыбаков  |b Е. А.  |g Евгений Александрович 
701 1 |a Макаров  |b Д. Е.  |g Дмитрий Евгеньевич 
702 1 |a Тутов  |b И. А.  |c специалист в области автоматического управления  |c ассистент Томского политехнического университета  |f 1989-  |g Иван Андреевич  |4 727 
712 0 2 |a Национальный исследовательский Томский политехнический университет (ТПУ)  |b Институт кибернетики (ИК)  |b Кафедра интегрированных компьютерных систем управления (ИКСУ)  |3 (RuTPU)RU\TPU\col\18701 
801 2 |a RU  |b 63413507  |c 20230517  |g RCR 
856 4 |u http://www.lib.tpu.ru/fulltext/c/2013/C28/020.pdf 
942 |c BK